000 00322nam a22001337a 4500
008 170608b xxu||||| |||| 00| 0 eng d
020 _a0137564538
041 _aeng
080 _a32
100 _a18
101 _aSHP
245 _aTHE TRANSITION IN CENTRAL AND EASTERN EUROPEAN POLITICS
_cDERLETH,J.W
942 _2udc
_cBK
999 _c16532
_d16532